Micro-économie exercices et corrigés

Salvato in:
Dettagli Bibliografici
Autore principale: Leroux, Francois
Natura: Libro
Lingua:francese
Pubblicazione: Paris Economica 1990
Serie:Collection Exercices et cas 6
Tags: Aggiungi Tag
Nessun Tag, puoi essere il primo ad aggiungerne!!

MARC

LEADER 00000nam a2200000 4500
001 c021926
005 20221215125951.5
020 |a 2-7178-1816-2 
041 0 |a fre 
044 |a FR 
245 1 0 |a Micro-économie  |b exercices et corrigés  |c Francois Leroux 
264 1 |a Paris  |b Economica  |c 1990 
300 |a 222 s. 
490 1 |a Collection Exercices et cas  |v 6 
830 0 |a Collection Exercices et cas  |v 6 
100 1 |a Leroux, Francois